000 00260nam a2200109Ia 4500
008 190216s9999||||xx |||||||||||||| ||und||
100 _aAntony Raj
245 0 _aComputer Programming In Fortran
260 _bEmerald Publishers
650 _aComputer
942 _cBK
999 _c8346
_d8346